Vaches noires! - Statistiques

Statistiques générales
  • Ce quiz a été pris 90 fois
    83 depuis la dernière actualisation
  • Le résultat moyen est 5 sur 14
Statistiques - réponses
Par images Réponse % Correct
Avilena
100%
Herens
83%
Morucha
57%
Dexter
50%
Serrana negra
50%
Avilena
40%
Galloway
40%
Negra andaluza
40%
Sayaguesa
40%
Aberdeen angus
33%
Caldelana
33%
Negra andaluza
33%
Sayaguesa
33%
Caldelana
29%
Sayaguesa
29%
Caldelana
25%
Sayaguesa
25%
Albera
20%
Wagyu
20%
Morucha
17%
Serrana negra
17%
Avilena
14%
Albera
0%
Camarguesa
0%
Negra andaluza
0%
Wagyu
0%
Aucun quiz correspondant
Distribution des résultats
% des personnes avec chaque résultat
Percentile par nombre de réponses
Votre historique - résultats
Vous n’avez pas pris ce quiz depuis la dernière actualisation